[Event "54. Miedzynarodowy Festiwal Szachowy im. Akiby Rubinsteina<br/>OPEN C"]
[Site "Hotel Polanica Resort & Spa ul. Gorska 2"]
[Date "2018-08-21"]
[Round "1.1"]
[White "Jozwik, Jacek"]
[Black "Plocica, Krzysztof"]
[Result "1-0"]
[WhiteTitle "I+"]
[BlackTitle "II+"]
[WhiteElo "1987"]
[BlackElo "1570"]

1. d4 d5 2. Nf3 e6 3. c4 Nf6 4. cxd5 exd5 5. Bg5 h6 6. Bh4 Be7 7. Qc2 O-O 8. e3
Nc6 9. a3 Ne4 10. Bxe7 Qxe7 11. Bd3 Re8 12. b4 Ng5 13. Nbd2 a6 14. O-O Bg4 15.
Nxg5 Qxg5 16. Rfc1 Bh3 17. g3 Re7 18. Nf3 Qf6 19. Nh4 g6 20. Qd1 g5 21. Ng2 Rae8
22. Rc5 Rd7 23. Rac1 Qe6 24. Bxa6 Qe4 25. f3 Qe6 26. Bxb7 Nd8 27. Bc6 Nxc6 28.
Rxc6 Rd6 29. Rxd6 Qxd6 30. Rc3 c6 31. Qc2 Re6 32. Ne1 Qe7 33. Qf2 Rf6 34. Nd3
Bd7 35. Ne5 Re6 36. Qc2 Qe8 37. Kf2 Kg7 38. a4 Rf6 39. a5 Qe7 40. a6 Bf5 41. Qc1
Qxb4 42. a7 Qb7 43. Qa3 1-0

[Event "54. Miedzynarodowy Festiwal Szachowy im. Akiby Rubinsteina<br/>OPEN C"]
[Site "Hotel Polanica Resort & Spa ul. Gorska 2"]
[Date "2018-08-21"]
[Round "1.2"]
[White "Brzozowski, Pawel"]
[Black "Mike, Patryk"]
[Result "0-1"]
[WhiteTitle "II+"]
[BlackTitle "I+"]
[WhiteElo "1563"]
[BlackElo "1981"]

1. e4 e5 2. Nf3 Nc6 3. Bb5 a6 4. Ba4 Nf6 5. O-O Be7 6. Re1 b5 7. Bb3 d6 8. c3 O-O
9. h3 Nb8 10. d4 Nbd7 11. Nbd2 Bb7 12. Bc2 Re8 13. Nf1 Bf8 14. Ng3 g6 15. h4 Bg7
16. Nh2 d5 17. dxe5 Nxe5 18. f4 Nc4 19. e5 Nd7 20. h5 Qh4 21. Qg4 Qxg4 22. Nxg4
Bc8 23. Ne3 Ndb6 24. Nxc4 Nxc4 25. b3 Nb6 26. Be3 Be6 27. Ne2 Bf8 28. Nd4 Bg4
29. hxg6 hxg6 30. Bd1 Bd7 31. Bf3 Bc5 32. Rad1 Rab8 33. b4 Bxd4 34. Bxd4 c6 35.
Bxb6 Rxb6 36. g4 Ra8 37. a3 a5 38. Kf2 axb4 39. axb4 Ra3 40. Rc1 Kf8 41. Ke3 Rba6
42. Rc2 Ke7 43. Rb1 Ra1 44. Rcb2 Ke6 45. Rxa1 Rxa1 46. Rh2 Rc1 47. Kd2 Rg1 48.
Rg2 Ra1 49. Ke3 g5 50. fxg5 Kxe5 51. Be2 Ra3 52. Kd3 d4 53. Rf2 Rxc3+ 54. Kd2
Be6 55. Bf3 Kd6 56. Bd1 Rc4 57. Bb3 Rxb4 0-1

[Event "54. Miedzynarodowy Festiwal Szachowy im. Akiby Rubinsteina<br/>OPEN C"]
[Site "Hotel Polanica Resort & Spa ul. Gorska 2"]
[Date "2018-08-21"]
[Round "1.3"]
[White "Kapral, Krzysztof"]
[Black "Jeske, Jerzy"]
[Result "1-0"]
[WhiteTitle "k"]
[BlackTitle "II"]
[WhiteElo "1980"]
[BlackElo "1563"]

1. d4 d5 2. Nf3 g6 3. c4 Nf6 4. g3 Bg7 5. Bg2 O-O 6. O-O c6 7. b3 Re8 8. Bb2 Nbd7
9. Nbd2 Qc7 10. Rc1 Qb8 11. Ne5 Nxe5 12. dxe5 Ng4 13. cxd5 cxd5 14. Bxd5 Nxe5
15. Qc2 Bh3 16. Bg2 Bxg2 17. Kxg2 b6 18. Qe4 f5 19. Bxe5 Qxe5 20. Qc4+ Kh8 21.
Nf3 Qf6 22. Rfd1 e5 23. Rd7 Re7 24. Rxe7 Qxe7 25. Qc7 Qxc7 26. Rxc7 h6 27. Nh4
Kh7 28. Rc6 Rf8 29. Nxg6 Rf6 30. Rxf6 Bxf6 31. Nf8+ Kg8 32. Nd7 Bg7 33. Nb8 Kf7
34. Nc6 a6 35. Nb4 a5 36. Nd5 b5 37. Nc7 b4 38. Nd5 Bf6 39. Ne3 Ke6 40. Nc4 Bd8
41. f4 e4 42. Kf2 Kd5 43. e3 a4 44. Ne5 axb3 45. axb3 Ke6 46. Nc6 Be7 47. Nxe7
Kxe7 48. g4 Kf6 49. gxf5 Kxf5 50. Kg3 h5 51. Kh4 1-0

[Event "54. Miedzynarodowy Festiwal Szachowy im. Akiby Rubinsteina<br/>OPEN C"]
[Site "Hotel Polanica Resort & Spa ul. Gorska 2"]
[Date "2018-08-21"]
[Round "1.4"]
[White "Wolska, Marta"]
[Black "Talik, Patryk"]
[Result "0-1"]
[WhiteTitle "I"]
[BlackTitle "I+"]
[WhiteElo "1562"]
[BlackElo "1973"]

1. d4 Nf6 2. c4 e6 3. Nc3 Bb4 4. Qc2 b6 5. e4 Bxc3+ 6. bxc3 d5 7. e5 Ne4 8. Bd3
Bb7 9. Nf3 Nd7 10. Bxe4 dxe4 11. Ng5 e3 12. Bxe3 Bxg2 13. Rg1 Bb7 14. Nxh7 Qh4
15. Ng5 Qxh2 16. O-O-O Qh5 17. d5 O-O-O 18. dxe6 fxe6 19. Nxe6 Rdg8 20. Qd2 Bc6
21. Nxg7 Qxe5 22. Rg5 Qe7 23. Bd4 Nf6 24. Re1 Ne4 25. Re5 Qxe5 26. Bxe5 Nxd2 27.
Kxd2 Rh1 28. Re3 Rd8+ 29. Bd4 Ba4 0-1

[Event "54. Miedzynarodowy Festiwal Szachowy im. Akiby Rubinsteina<br/>OPEN C"]
[Site "Hotel Polanica Resort & Spa ul. Gorska 2"]
[Date "2018-08-21"]
[Round "1.5"]
[White "Szczesniak, Andrzej"]
[Black "Chojnowski, Robert"]
[Result "1-0"]
[WhiteTitle "k"]
[BlackTitle "II"]
[WhiteElo "1962"]
[BlackElo "1559"]

1. d4 f5 2. Bf4 Nf6 3. e3 e6 4. Bd3 d5 5. Nf3 c5 6. c3 Nc6 7. Nbd2 c4 8. Bc2 Bd6
9. a4 Qc7 10. Bxd6 Qxd6 11. b3 Ne4 12. bxc4 Nxc3 13. Qc1 Ne4 14. O-O O-O 15. Bb3
b6 16. Qb1 Ba6 17. Rc1 Rf6 18. cxd5 exd5 19. Nxe4 fxe4 20. Qxe4 Nb4 21. Qe5 Qd8
22. Rc3 Kh8 23. Qc7 Qf8 24. Rac1 Nd3 25. Rxd3 Bxd3 26. Bxd5 Rd8 27. e4 Be2 28.
Ne5 Rxf2 29. Nf7+ Rxf7 30. Bxf7 Rxd4 31. e5 g6 32. e6 Re4 33. Qc3+ 1-0

[Event "54. Miedzynarodowy Festiwal Szachowy im. Akiby Rubinsteina<br/>OPEN C"]
[Site "Hotel Polanica Resort & Spa ul. Gorska 2"]
[Date "2018-08-21"]
[Round "1.6"]
[White "Kolodziejski, Piotr"]
[Black "Pasieka, Marcin"]
[Result "1-0"]
[WhiteTitle "II+"]
[BlackTitle "I"]
[WhiteElo "1558"]
[BlackElo "1962"]

1. e4 e5 2. Nf3 Nc6 3. d4 exd4 4. Nxd4 Bc5 5. Be3 Qf6 6. c3 Nge7 7. Bb5 d6 8. O-O
Qg6 9. f3 O-O 10. Kh1 f5 11. exf5 Nxf5 12. Nxf5 Qxf5 13. Bd3 Qh5 14. Bxc5 Qxc5
15. Qc2 Qh5 16. Nd2 Rf6 17. Rf2 d5 18. Re1 Bd7 19. Rfe2 Raf8 20. b4 g5 21. b5
Nd8 22. Re5 c6 23. Nf1 Ne6 24. Ng3 Qh4 25. Bf5 Rh6 26. Nf1 Nc5 27. Bxd7 Nxd7 28.
Re8 g4 29. Qf5 Nf6 30. Qe6+ Kg7 31. Rxf8 Kxf8 32. Qe7+ Kg8 33. g3 Qh5 34. Qd8+
Kf7 35. Re7+ Kg6 36. Re6 Qf5 37. Qe8+ 1-0

[Event "54. Miedzynarodowy Festiwal Szachowy im. Akiby Rubinsteina<br/>OPEN C"]
[Site "Hotel Polanica Resort & Spa ul. Gorska 2"]
[Date "2018-08-21"]
[Round "1.7"]
[White "Proczek, Mateusz"]
[Black "Zianowicz, Dominik"]
[Result "0-1"]
[WhiteTitle "I"]
[BlackTitle "I+"]
[WhiteElo "1542"]
[BlackElo "1950"]

1. d4 d5 2. Nf3 Nf6 3. Bf4 Bf5 4. e3 e6 5. Bd3 Bxd3 6. Qxd3 Nbd7 7. h3 Be7 8. Nbd2
c5 9. c3 O-O 10. O-O a6 11. a3 b5 12. Ne5 Nxe5 13. Bxe5 c4 14. Qc2 a5 15. e4 Qb6
16. Bxf6 Bxf6 17. e5 Be7 18. f4 f5 19. Kh1 b4 20. Rfb1 Rab8 21. Qd1 Qc6 22. a4
Rb7 23. Qc2 Qe8 24. Qd1 Qg6 25. Qf3 Rfb8 26. b3 bxc3 27. Qxc3 Bb4 28. Qe3 Bxd2
29. Qxd2 Qg3 30. Ra3 Rb4 31. Rc1 Rxb3 32. Rxb3 cxb3 33. Rb1 Rb4 34. Qc1 Rc4 35.
Qa3 Rc2 36. Rg1 Qc3 37. Qe7 Qc8 38. Qa3 b2 39. Qb3 h6 40. Kh2 Qc3 41. Qb6 Rc1
42. Qxe6+ Kh8 43. Qxf5 b1=Q 44. Qf8+ Kh7 45. Rxc1 Qcxc1 0-1

[Event "54. Miedzynarodowy Festiwal Szachowy im. Akiby Rubinsteina<br/>OPEN C"]
[Site "Hotel Polanica Resort & Spa ul. Gorska 2"]
[Date "2018-08-21"]
[Round "1.8"]
[White "Pyka, Roman"]
[Black "Pisarek, Elzbieta"]
[Result "1-0"]
[WhiteTitle "I++"]
[BlackTitle "I"]
[WhiteElo "1946"]
[BlackElo "1537"]

1. d4 f5 2. e4 d6 3. exf5 Bxf5 4. Bd3 Bxd3 5. Qxd3 Nd7 6. Nf3 e6 7. O-O Ngf6 8.
Re1 Qe7 9. Qb3 O-O-O 10. Ng5 e5 11. Nf7 Rg8 12. Nxd8 Qxd8 13. Bg5 Qe8 14. Bxf6
Nxf6 15. Nc3 g6 16. f4 Bg7 17. dxe5 dxe5 18. Rxe5 Qc6 19. Rae1 Rf8 20. Qe6+ Qxe6
21. Rxe6 Ng4 22. Re8+ Rxe8 23. Rxe8+ Kd7 24. Re4 c5 25. Nd1 Bd4+ 26. Kh1 Bxb2
27. Ra4 Bc1 28. h3 Ne3 29. Nxe3 Bxe3 30. Rxa7 Kc6 31. g3 h6 32. c4 Bd2 33. Kg2
Bc3 34. Kf3 g5 35. f5 Bd4 36. Kg4 Bg7 37. Kh5 Bf6 38. Kg6 1-0

[Event "54. Miedzynarodowy Festiwal Szachowy im. Akiby Rubinsteina<br/>OPEN C"]
[Site "Hotel Polanica Resort & Spa ul. Gorska 2"]
[Date "2018-08-21"]
[Round "1.9"]
[White "Ursnik, Patryk"]
[Black "Adamczewski, Jedrzej"]
[Result "0-1"]
[WhiteTitle "II+"]
[BlackTitle "I++"]
[WhiteElo "1535"]
[BlackElo "1930"]

1. e4 c5 2. c3 d5 3. exd5 Qxd5 4. d4 Nf6 5. Nf3 g6 6. Be2 Bg7 7. O-O O-O 8. dxc5
Qxc5 9. Be3 Qa5 10. Nbd2 Nc6 11. Nb3 Qc7 12. Nbd4 Ng4 13. Qc1 Nxd4 14. cxd4 Qb6
15. Bd2 Bf5 16. h3 Rac8 17. Bc3 Nf6 18. g4 Be6 19. Rd1 h5 20. Ne5 hxg4 21. hxg4
Ne4 22. Qe3 Nxc3 23. bxc3 Rfd8 24. f4 Bxe5 25. fxe5 Qb2 26. Rab1 Rxc3 27. Rxb2
Rxe3 28. Kf2 Ra3 29. d5 Rxd5 30. Rxb7 Rxa2 31. Rxd5 Bxd5 32. Ke3 Bxb7 0-1

[Event "54. Miedzynarodowy Festiwal Szachowy im. Akiby Rubinsteina<br/>OPEN C"]
[Site "Hotel Polanica Resort & Spa ul. Gorska 2"]
[Date "2018-08-21"]
[Round "1.29"]
[White "Stasinkiewicz, Aleksander"]
[Black "Kolodziejski, Grzegorz"]
[Result "0-1"]
[WhiteTitle "II"]
[BlackTitle "II"]
[WhiteElo "1785"]
[BlackElo "1543"]

1. d4 Nf6 2. Bg5 Ne4 3. h4 c5 4. Nd2 Nxg5 5. hxg5 cxd4 6. Ngf3 Nc6 7. Nb3 e5 8.
a3 d5 9. Qd2 a5 10. e3 a4 11. Nbxd4 exd4 12. exd4 Be7 13. Bd3 g6 14. Qf4 Qd6 15.
Ne5 Nxe5 16. dxe5 Qd8 17. Qd4 Be6 18. f4 Qa5+ 19. Qc3 Qxc3+ 20. bxc3 Bc5 21. Rh4
Be7 22. Kd2 h5 23. Bb5+ Kf8 24. Be2 Kg7 25. Rhh1 Rhd8 26. Bf3 Ra5 27. Rh4 d4 28.
g4 dxc3+ 29. Kxc3 Rc5+ 30. Kb2 Rd2 31. Rc1 Bb3 32. Be4 Rc4 33. gxh5 Rxe4 34. hxg6
fxg6 35. Rch1 Rxc2+ 36. Kb1 Bxa3 37. Rh7+ Kf8 38. Rh8+ Ke7 39. f5 Rb2+ 40. Ka1
Ra2+ 41. Kb1 gxf5 42. g6 Ree2 43. R1h7+ Ke6 44. Re8+ Kd5 45. Rd8+ Ke4 46. Rh4+
f4 0-1

[Event "54. Miedzynarodowy Festiwal Szachowy im. Akiby Rubinsteina<br/>OPEN C"]
[Site "Hotel Polanica Resort & Spa ul. Gorska 2"]
[Date "2018-08-21"]
[Round "2.1"]
[White "Rychlik, Bogdan"]
[Black "Jozwik, Jacek"]
[Result "0-1"]
[WhiteTitle "I++"]
[BlackTitle "I+"]
[WhiteElo "1641"]
[BlackElo "1987"]

1. e4 c5 2. Nf3 g6 3. d4 cxd4 4. Nxd4 Nc6 5. Nc3 Bg7 6. Be3 Nf6 7. f3 O-O 8. Bc4
Qb6 9. O-O Qxb2 10. Ndb5 Qb4 11. Bd3 Qa5 12. Nd5 Nxd5 13. exd5 Nb4 14. Bc4 Bxa1
15. c3 Nxd5 16. Bh6 Qb6+ 17. Kh1 Ne3 18. Qxa1 Nxc4 19. Qe1 Re8 20. Nd4 d5 21.
f4 f5 22. Qg3 Nd2 23. Re1 Ne4 24. Qf3 Bd7 25. h4 Rac8 26. Re3 Qb2 27. Ne2 Qxa2
28. h5 Qa6 29. Kh2 Qf6 30. Bg5 Nxg5 31. fxg5 Qd6+ 32. g3 e5 33. hxg6 hxg6 34.
Kg1 Kg7 35. Kg2 Rc4 36. Ng1 Bc6 37. Qe2 Rg4 38. Nf3 Re4 39. Kf1 Qc5 40. Rxe4 dxe4
41. Nd2 e3 0-1

[Event "54. Miedzynarodowy Festiwal Szachowy im. Akiby Rubinsteina<br/>OPEN C"]
[Site "Hotel Polanica Resort & Spa ul. Gorska 2"]
[Date "2018-08-21"]
[Round "2.2"]
[White "Mike, Patryk"]
[Black "Szydelko, Michal"]
[Result "1/2-1/2"]
[WhiteTitle "I+"]
[BlackTitle "I"]
[WhiteElo "1981"]
[BlackElo "1642"]

1. e4 e5 2. Nf3 Nf6 3. Nxe5 d6 4. Nf3 Nxe4 5. d4 d5 6. Bd3 Bd6 7. O-O O-O 8. c4
c6 9. Re1 Nf6 10. Qb3 dxc4 11. Bxc4 Qb6 12. Qxb6 axb6 13. Bg5 Nbd7 14. Nbd2 h6
15. Bh4 g5 16. Bg3 Bxg3 17. hxg3 b5 18. Bb3 Nb6 19. Ne4 Nfd5 20. Nc5 Ra7 21. Re2
Bg4 22. Rae1 Nc4 23. Rc1 Ncb6 24. Re4 Bxf3 25. gxf3 Rd8 26. a3 Kf8 27. Re2 Nf6
28. Rd1 Nc4 29. Rc2 Nb6 30. Ne4 Nbd5 31. Nxf6 Nxf6 32. Rc5 Raa8 33. d5 Rac8 34.
dxc6 Rxd1+ 35. Bxd1 bxc6 36. Be2 Re8 37. Kf1 Re6 38. Bd3 Nd7 39. Rc2 Ke7 40. Bf5
Rd6 41. Bxd7 Kxd7 42. Ke2 Kc7 43. Ke3 Re6+ 44. Kd4 Kd6 45. Rd2 Re1 46. Kc3+ Kc7
47. g4 Re6 48. b3 Rf6 49. Rd3 Rf4 1/2-1/2

[Event "54. Miedzynarodowy Festiwal Szachowy im. Akiby Rubinsteina<br/>OPEN C"]
[Site "Hotel Polanica Resort & Spa ul. Gorska 2"]
[Date "2018-08-21"]
[Round "2.3"]
[White "Trzebinski, Patryk"]
[Black "Kapral, Krzysztof"]
[Result "1-0"]
[WhiteTitle "I"]
[BlackTitle "k"]
[WhiteElo "1629"]
[BlackElo "1980"]

1. e4 e6 2. d4 d5 3. exd5 exd5 4. Bd3 Nc6 5. c3 Bd6 6. Qf3 Nge7 7. Ne2 Be6 8. Bf4
f6 9. Nd2 Qd7 10. b4 O-O-O 11. Nb3 Bf5 12. Bxd6 Bxd3 13. Qxd3 Qxd6 14. Nc5 Nb8
15. a4 g6 16. a5 Nf5 17. a6 b6 18. Nb7 Qe7 19. Nxd8 Rxd8 20. Kd2 Nd6 21. Rhe1
Ne4+ 22. Kc2 Nxf2 23. Qf3 Ne4 24. Nf4 f5 25. g4 Qf7 26. Nd3 Rf8 27. Rf1 Qe6 28.
Ne5 Nc6 29. Nxc6 Qxc6 30. gxf5 Qc4 31. Qd3 Qxd3+ 32. Kxd3 gxf5 33. Rf4 Kd7 34.
Rg1 Rf7 35. Rg8 Ke6 36. Re8+ Kf6 37. h4 Nd6 38. Rd8 Ke6 39. Rg8 Kf6 40. Rf3 Rd7
41. Ke3 Re7+ 42. Kf4 Re4+ 43. Kg3 Re7 44. Ra8 c6 45. Rd8 Ne4+ 46. Kf4 Ke6 47.
Rc8 Kd7 48. Rb8 Nd6 49. Re3 Rg7 50. Rg3 Re7 51. Ra8 Ke6 52. h5 Kf6 53. Re3 Rd7
54. Rg3 Kf7 55. Ke5 Ne4 1-0

[Event "54. Miedzynarodowy Festiwal Szachowy im. Akiby Rubinsteina<br/>OPEN C"]
[Site "Hotel Polanica Resort & Spa ul. Gorska 2"]
[Date "2018-08-21"]
[Round "2.4"]
[White "Talik, Patryk"]
[Black "Kurtycz, Maciej"]
[Result "1-0"]
[WhiteTitle "I+"]
[BlackTitle "II"]
[WhiteElo "1973"]
[BlackElo "1630"]

1. d4 Nf6 2. c4 c5 3. d5 e6 4. Nc3 exd5 5. cxd5 d6 6. e4 g6 7. Bd3 Bg7 8. Nge2
O-O 9. O-O Re8 10. Ng3 Na6 11. h3 Nc7 12. Bf4 h5 13. Bg5 Qd7 14. a4 b6 15. Qd2
Ba6 16. Bxa6 Nxa6 17. f4 Kh7 18. e5 Ng8 19. e6 fxe6 20. dxe6 Rxe6 21. f5 gxf5
22. Rxf5 Nh6 23. Bxh6 Bxh6 24. Qd3 Rg6 25. Raf1 1-0

[Event "54. Miedzynarodowy Festiwal Szachowy im. Akiby Rubinsteina<br/>OPEN C"]
[Site "Hotel Polanica Resort & Spa ul. Gorska 2"]
[Date "2018-08-21"]
[Round "2.5"]
[White "Szynalski, Bartosz"]
[Black "Szczesniak, Andrzej"]
[Result "0-1"]
[WhiteTitle "II+"]
[BlackTitle "k"]
[WhiteElo "1622"]
[BlackElo "1962"]

1. d4 d5 2. Bf4 c5 3. e3 Nc6 4. c3 Nf6 5. Nd2 Qb6 6. Qb3 c4 7. Qc2 g6 8. Ngf3 Bf5
9. Qc1 Nh5 10. Be2 Nxf4 11. exf4 Qc7 12. g3 Bg7 13. Nh4 Bd7 14. Ndf3 O-O 15. O-O
b5 16. a3 a5 17. Qd2 Rfb8 18. Rfb1 b4 19. axb4 axb4 20. Qc1 Na5 21. Bd1 Qb6 22.
Ne5 Be8 23. f5 Nc6 24. Rxa8 Rxa8 25. Nhf3 Rb8 26. Nxc6 Bxc6 27. fxg6 hxg6 28.
Bc2 Qc7 29. Qe1 b3 30. Bd1 Ra8 31. Kg2 Bd7 32. Qxe7 Bh3+ 33. Kxh3 Qxe7 34. Kg2
0-1

[Event "54. Miedzynarodowy Festiwal Szachowy im. Akiby Rubinsteina<br/>OPEN C"]
[Site "Hotel Polanica Resort & Spa ul. Gorska 2"]
[Date "2018-08-21"]
[Round "2.6"]
[White "Zianowicz, Dominik"]
[Black "Wojcik, Jagoda"]
[Result "1-0"]
[WhiteTitle "I+"]
[BlackTitle "I++"]
[WhiteElo "1950"]
[BlackElo "1627"]

1. d4 d5 2. Nf3 e6 3. c4 Nf6 4. Bg5 h6 5. Bh4 Be7 6. Nc3 O-O 7. e3 b6 8. cxd5 Nxd5
9. Bxe7 Qxe7 10. Nxd5 exd5 11. Bd3 Bb7 12. Rc1 c5 13. O-O Nd7 14. Qe2 Nf6 15.
Ba6 Bxa6 16. Qxa6 Rac8 17. b3 Rc7 18. Rc2 Rfc8 19. Rfc1 Ne4 20. h3 Ng5 21. Ne5
cxd4 22. Qxc8+ Rxc8 23. Rxc8+ Kh7 24. exd4 Qb4 25. Re8 f6 26. Nd7 h5 27. Nf8+
Kh6 28. h4 Ne4 29. Ne6 Qd2 30. Rf1 Nd6 31. Rh8+ Kg6 32. g3 Kf7 33. Nf4 Nf5 34.
Rxh5 Nxd4 35. Nxd5 Qxa2 36. b4 Qe2 37. Nf4 Nf3+ 38. Kg2 Qe4 39. Rc1 Ng5+ 40. Kh2
g6 41. Rh8 Nf3+ 42. Kh3 Qf5+ 43. Kg2 Nxh4+ 44. Rxh4 g5 45. Rh5 Qe4+ 46. f3 Qe5
47. Rh7+ Kg8 48. Rh8+ Kg7 49. Rc7+ Qxc7 50. Ne6+ Kxh8 51. Nxc7 Kg7 52. b5 Kf7
53. Nd5 Ke6 54. Nb4 Kd6 55. Na6 Kd5 56. Kf2 Kc4 57. Nc7 Kd4 58. Ke2 Ke5 59. Ke3
Kd6 60. Na6 Kd5 61. Kd3 f5 62. Kc3 g4 63. fxg4 fxg4 64. Kd3 Ke5 65. Ke3 Kf5 66.
Kd4 Ke6 67. Ke4 Kd6 68. Kf4 1-0

[Event "54. Miedzynarodowy Festiwal Szachowy im. Akiby Rubinsteina<br/>OPEN C"]
[Site "Hotel Polanica Resort & Spa ul. Gorska 2"]
[Date "2018-08-21"]
[Round "2.7"]
[White "Filipska, Maja"]
[Black "Pyka, Roman"]
[Result "1-0"]
[WhiteTitle "I++"]
[BlackTitle "I++"]
[WhiteElo "1616"]
[BlackElo "1946"]

1. e4 c6 2. d4 g6 3. Bf4 Bg7 4. c3 d5 5. exd5 cxd5 6. Bd3 Nc6 7. Nf3 Bg4 8. Nbd2
Nf6 9. O-O O-O 10. h3 Bxf3 11. Nxf3 e6 12. Qd2 Re8 13. Rfe1 Rc8 14. Qe3 Na5 15.
Ne5 Nc4 16. Bxc4 dxc4 17. Bg5 Qd5 18. Qf4 Qd8 19. Qh4 h6 20. Bxh6 Nh7 21. Qf4
Qf6 22. Qxf6 Bxf6 23. Ng4 Bg7 24. Bxg7 Kxg7 25. Re3 f6 26. Rae1 Kf7 27. Nh2 b5
28. a3 a5 29. Nf3 Nf8 30. Nd2 Red8 31. Ne4 Rc6 32. g4 Rb8 33. g5 f5 34. Nf6 Rb7
35. Re5 Rd6 36. Rc5 Nd7 37. Nxd7 Rdxd7 38. Ree5 b4 39. axb4 axb4 40. Rxc4 Rd6
41. Rc8 Ra6 42. c4 Rd6 43. d5 exd5 44. Rxd5 Rxd5 45. cxd5 Rb5 46. Rc7+ Kf8 47.
d6 Rd5 48. Rb7 Rd4 49. Kg2 Ke8 50. d7+ Ke7 51. Kf3 Rd3+ 52. Ke2 Rb3 53. Rb6 Rxb2+
54. Ke3 Rb3+ 55. Kd2 Rxh3 56. Rxb4 Kxd7 57. Rb6 Rh2 58. Ke3 Rg2 59. Rxg6 Ke7 60.
f4 Rg3+ 61. Kf2 Ra3 62. Rf6 Ra5 63. Kg3 Rb5 64. Kh4 Rd5 65. Kh5 1-0

[Event "54. Miedzynarodowy Festiwal Szachowy im. Akiby Rubinsteina<br/>OPEN C"]
[Site "Hotel Polanica Resort & Spa ul. Gorska 2"]
[Date "2018-08-21"]
[Round "2.8"]
[White "Adamczewski, Jedrzej"]
[Black "Krzyzosiak, Marta"]
[Result "1-0"]
[WhiteTitle "I++"]
[BlackTitle "I+"]
[WhiteElo "1930"]
[BlackElo "1622"]

1. e4 c5 2. Nf3 d6 3. d4 cxd4 4. Nxd4 Nf6 5. Nc3 a6 6. Bg5 Nbd7 7. f4 Qc7 8. Bd3
b5 9. Qe2 Bb7 10. O-O-O g6 11. Rhe1 e6 12. e5 dxe5 13. fxe5 Nd5 14. Nxd5 Bxd5
15. Bxb5 Bg7 16. Bxd7+ Qxd7 17. Kb1 O-O 18. c4 Bc6 19. Nf5 Qb7 20. Nxg7 Kxg7 21.
Bf6+ Kg8 22. Qe3 Rfb8 23. Rd2 Qc8 24. Rd8+ Qxd8 25. Bxd8 Rxd8 26. Kc2 Bxg2 27.
Rd1 Rdc8 28. b3 a5 29. Rd7 Bc6 30. Ra7 Rxa7 31. Qxa7 Be4+ 32. Kc3 Ra8 33. Qc7
a4 34. b4 a3 35. b5 Bb1 36. Kb3 Be4 37. b6 Kg7 38. b7 Ra7 39. b8=Q Rxc7 40. Qxc7
1-0

[Event "54. Miedzynarodowy Festiwal Szachowy im. Akiby Rubinsteina<br/>OPEN C"]
[Site "Hotel Polanica Resort & Spa ul. Gorska 2"]
[Date "2018-08-21"]
[Round "2.9"]
[White "Czuchnicki, Adam"]
[Black "Paziewski, Marcin"]
[Result "1-0"]
[WhiteTitle "I+"]
[BlackTitle "II+"]
[WhiteElo "1922"]
[BlackElo "1608"]

1. d4 d5 2. c4 c6 3. Nf3 Nf6 4. g3 Bf5 5. Bg2 e6 6. O-O Nbd7 7. Nc3 h6 8. c5 b6
9. b4 a5 10. b5 bxc5 11. bxc6 Nb6 12. Nb5 Bd6 13. Ba3 Nc4 14. Nxd6+ Qxd6 15. Bxc5
Qxc6 16. Nd2 Nxd2 17. Qxd2 Ne4 18. Bxe4 Bxe4 19. Rfc1 Qd7 20. Rc3 f6 21. Rac1
Kf7 22. f3 Bf5 23. Bb6 Qe8 24. g4 Bg6 25. Rc7+ Kg8 26. Bxa5 Kh7 27. Bb4 Qa4 28.
Be7 Qxa2 29. Bxf6 Rhg8 30. Qe3 Qa6 31. Qe5 Rac8 32. Bxg7 Rxc7 33. Rxc7 Rxg7 34.
Qxg7# 1-0

[Event "54. Miedzynarodowy Festiwal Szachowy im. Akiby Rubinsteina<br/>OPEN C"]
[Site "Hotel Polanica Resort & Spa ul. Gorska 2"]
[Date "2018-08-21"]
[Round "2.10"]
[White "Sobczynski, Roman"]
[Black "Wojcik, Grzegorz"]
[Result "0-1"]
[WhiteTitle "I+"]
[BlackTitle "I"]
[WhiteElo "1915"]
[BlackElo "1606"]

1. e4 d6 2. d4 g6 3. Nf3 Bg7 4. Bc4 Nf6 5. Qe2 O-O 6. Nc3 Bg4 7. e5 dxe5 8. dxe5
Nfd7 9. e6 Ne5 10. exf7+ Kh8 11. Bg5 Bxf3 12. gxf3 Nbc6 13. Bd5 Nd4 14. Qd1 c6
15. Be3 Nxc2+ 16. Qxc2 cxd5 17. O-O-O e6 18. h4 Nxf3 19. h5 g5 20. h6 Be5 21.
Qe2 Rxf7 22. Rh3 Qf6 23. Bd2 Nxd2 24. Qxe5 0-1

[Event "54. Miedzynarodowy Festiwal Szachowy im. Akiby Rubinsteina<br/>OPEN C"]
[Site "Hotel Polanica Resort & Spa ul. Gorska 2"]
[Date "2018-08-21"]
[Round "3.1"]
[White "Jozwik, Jacek"]
[Black "Orlik, Sandra"]
[Result "1-0"]
[WhiteTitle "I+"]
[BlackTitle "I++"]
[WhiteElo "1987"]
[BlackElo "1751"]

1. d4 d5 2. c4 e6 3. Nf3 Nf6 4. g3 c6 5. Qc2 Be7 6. Nbd2 Nbd7 7. Bg2 O-O 8. O-O
b6 9. b3 Bb7 10. Bb2 Rc8 11. Ne5 Ne8 12. e4 Nxe5 13. dxe5 d4 14. f4 c5 15. Rad1
Nc7 16. Qd3 Na6 17. a3 Nb8 18. g4 Nd7 19. g5 Re8 20. h4 Bf8 21. Qg3 g6 22. h5
Bg7 23. Kf2 Qe7 24. Rh1 Nf8 25. Nf1 Red8 26. Rh4 Nd7 27. Nh2 Bh8 28. Ng4 Bg7 29.
Rdh1 Nf8 30. Nf6+ Bxf6 31. gxf6 Qd7 32. Qg5 1-0

[Event "54. Miedzynarodowy Festiwal Szachowy im. Akiby Rubinsteina<br/>OPEN C"]
[Site "Hotel Polanica Resort & Spa ul. Gorska 2"]
[Date "2018-08-21"]
[Round "3.2"]
[White "Tokmantsev, Ivan"]
[Black "Talik, Patryk"]
[Result "0-1"]
[WhiteTitle ""]
[BlackTitle "I+"]
[WhiteElo "1727"]
[BlackElo "1973"]

1. d4 Nf6 2. c4 e6 3. Nc3 Bb4 4. a3 Bxc3+ 5. bxc3 Ne4 6. g3 d5 7. Qc2 c6 8. f3
Nd6 9. cxd5 exd5 10. e4 O-O 11. e5 Bf5 12. Bd3 Bxd3 13. Qxd3 Nc4 14. Ne2 f6 15.
f4 fxe5 16. fxe5 Nd7 17. Nf4 Qb6 18. Rb1 Ndxe5 19. dxe5 Nxe5 20. Qc2 Qc5 21. Rxb7
Rae8 22. Kf1 Nf3 23. Bd2 Qc4+ 24. Kg2 Rxf4 25. Bxf4 Re2+ 26. Kxf3 Rxc2 27. Re1
Rxc3+ 28. Kg4 h5+ 29. Kxh5 Qd3 30. Ree7 Qh7+ 31. Kg5 Qh6+ 32. Kg4 Qg6+ 33. Kh4
Rc4 34. Rb8+ Kh7 35. Ree8 Qf6+ 36. Kg4 Kg6 37. Rf8 Qg5+ 38. Kf3 Qh5+ 39. Ke3 Re4+
40. Kd2 Qe2+ 41. Kc1 Rc4+ 42. Kb1 Qd3+ 43. Ka2 Rc2+ 44. Rb2 Qc4+ 45. Ka1 Rxb2
46. Kxb2 d4 47. Rd8 Qc3+ 48. Ka2 c5 49. Rd6+ Kf5 0-1

[Event "54. Miedzynarodowy Festiwal Szachowy im. Akiby Rubinsteina<br/>OPEN C"]
[Site "Hotel Polanica Resort & Spa ul. Gorska 2"]
[Date "2018-08-21"]
[Round "3.3"]
[White "Szczesniak, Andrzej"]
[Black "Wnek, Filip"]
[Result "1/2-1/2"]
[WhiteTitle "k"]
[BlackTitle "I"]
[WhiteElo "1962"]
[BlackElo "1695"]

1. d4 d5 2. c4 e6 3. Nc3 Nf6 4. cxd5 exd5 5. Bg5 c6 6. Qc2 Na6 7. a3 Nc7 8. e3
Ne6 9. Bh4 g6 10. Nf3 Be7 11. b4 a6 12. Bd3 Ng7 13. O-O Bf5 14. Bg3 O-O 15. Rfb1
Rc8 16. a4 Re8 17. h3 h6 18. Bf4 Bxd3 19. Qxd3 g5 20. Be5 Bd6 21. b5 Bxe5 22.
Nxe5 axb5 23. axb5 c5 24. Ng4 Nxg4 25. hxg4 c4 26. Qd1 Re6 27. Ra7 Qd7 28. Rba1
Ne8 29. Qf3 Nf6 30. Ra8 Rxa8 31. Rxa8+ Kg7 32. Qg3 b6 33. Ra6 Qe7 34. Qf3 Qd6
35. Qf5 Qb4 36. Ra7 Qd6 37. Ra6 Re7 38. Ra4 Rc7 39. Qf3 Qe6 40. Qf5 Qd6 41. Qf3
Re7 42. Qf5 Rd7 43. Qf3 Qe6 44. Ra8 Nxg4 45. Qg3 Nf6 46. Qb8 Kg6 47. Qh8 Re7 48.
Qb8 Re8 49. Qa7 Rxa8 50. Qxa8 Kg7 51. Qc6 Kf8 52. Qa8+ Qe8 53. Qb7 Qd8 54. Na4
Kg7 55. Nxb6 c3 1/2-1/2